ARRUPE JESUIT UNIVERSITY

CORONAVIRUS -STOP THE SPREAD - CLEAN,DISINFECT,COVER

The Catechism handbook / (Record no. 117817)

MARC details
000 -LEADER
fixed length control field 00833cam a2200253 a 4500
001 - CONTROL NUMBER
control field 3981071
003 - CONTROL NUMBER IDENTIFIER
control field ARRUPE
005 - DATE AND TIME OF LATEST TRANSACTION
control field 20130917134103.0
008 - FIXED-LENGTH DATA ELEMENTS--GENERAL INFORMATION
fixed length control field 951006s1996 mou 001 0 eng
010 ## - LIBRARY OF CONGRESS CONTROL NUMBER
LC control number 95045290
020 ## - INTERNATIONAL STANDARD BOOK NUMBER
International Standard Book Number 0892438649 (pbk.)
040 ## - CATALOGING SOURCE
Original cataloging agency DLC
Transcribing agency DLC
Modifying agency DLC
050 00 - LIBRARY OF CONGRESS CALL NUMBER
Classification number BX1959.5
Item number .L85 1996
082 00 - DEWEY DECIMAL CLASSIFICATION NUMBER
Classification number 238/.2
Edition number 20
300 ## - PHYSICAL DESCRIPTION
Dimensions 23 cm.
100 1# - MAIN ENTRY--PERSONAL NAME
Personal name Lukefahr, Oscar.
9 (RLIN) 286
245 14 - TITLE STATEMENT
Title The Catechism handbook /
Statement of responsibility, etc Oscar Lukefahr.
260 ## - PUBLICATION, DISTRIBUTION, ETC. (IMPRINT)
Place of publication, distribution, etc Ligouri, Mo. :
Name of publisher, distributor, etc Ligouri Publications,
Date of publication, distribution, etc c1996.
300 ## - PHYSICAL DESCRIPTION
Extent xii, 111 p. ;
610 20 - SUBJECT ADDED ENTRY--CORPORATE NAME
Corporate name or jurisdiction name as entry element Catholic Church.
Title of a work Catechismus Ecclesiae Catholicae.
9 (RLIN) 287
610 20 - SUBJECT ADDED ENTRY--CORPORATE NAME
Corporate name or jurisdiction name as entry element Catholic Church
General subdivision Catechisms.
9 (RLIN) 288
906 ## - LOCAL DATA ELEMENT F, LDF (RLIN)
a 7
b cbc
c orignew
d 1
e ocip
f 19
g y-gencatlg
942 ## - ADDED ENTRY ELEMENTS (KOHA)
Source of classification or shelving scheme Library of Congress Classification
Koha item type Monograph ( Printed materials)
Holdings
Withdrawn status Lost status Source of classification or shelving scheme Damaged status Not for loan Collection code Home library Current library Shelving location Date acquired Total Checkouts Full call number Barcode Date last seen Price effective from Koha item type
    Library of Congress Classification     Main Collection ARRUPE LIBRARY ARRUPE LIBRARY Main Collection 17/09/2013   BX1959.5 .L85 1996 46411777 22/11/2017 17/09/2013 Monograph ( Printed materials)

 

Arrupe Library. PO Box MP320 Mt Pleasant, Harare, Zimbabwe
263 242 745411|librarian@aju.ac.zw